Skyrim Quiz, have fun... - Statistics

General Stats
  • This quiz has been taken 110 times
  • The average score is 9 of 15
Answer Stats
Hint Answer % Correct
What race hails from Black Marsh? Argonians
81%
Where would you find Crimson Nirnroot? Blackreach
81%
Who is the leader of the Greybeards? Paarthurnax
80%
Who led the original 500 Companions from Atmora to Tamriel? Ysgramor
79%
Who is the Aedra of love? Mara
72%
What is the legendary battleaxe of the above? Wuuthrad
66%
What is the name of the horse thief from the start of the game? Lokir
54%
What is the daedric dagger given to you by the descendent of the Mythic Dawn? Mehrunes Razor
53%
What do you have to taint Elven Arrows with to make Bloodcursed arrows? Vampire Blood
53%
Who is the Arch Mage of the College of Winterhold? Savos Aren
52%
Where do you slay your first dragon? Western Watchtower
52%
What is the magical sword found is Sky Haven Temple? Dragonbane
51%
What is the name of Ulfric's right hand man? Galmar Stone-Fist
47%
What is the name of of the Thief who steals the Golden Claw? Arvel the Swift
28%
What is the name of the Frostbite Spider found in the Markarth ruins? Nimhe
26%
No matching quizzes found
Score Distribution
Percent of People with Each Score
Percentile by Number Answered
Your Score History
You have not taken this quiz